[Event "Sparkassen-Open B"]
[Site "Heusenstamm, Martinsee"]
[Date "2019.11.22"]
[Round "3.23"]
[White "Stosberg, Marc"]
[Black "Hüttinger, Siegfried"]
[Result "1/2-1/2"]
[WhiteElo "1798"]
[BlackElo "1510"]
[PlyCount "132"]
[EventDate "2019.??.??"]
[WhiteTeam "Sfr. Mörfelden"]
[BlackTeam "SC Königsspringer Alzenau"]

1. e4 c5 2. Nc3 Nc6 3. f4 e6 4. g3 g6 5. Bg2 Bg7 6. d3 Nge7 7. Nf3 d6 8. O-O a6
9. a4 O-O 10. Rb1 Rb8 11. Bd2 b5 12. axb5 axb5 13. Ne2 Bb7 14. Bc3 f6 15. b3 e5
16. Bb2 Ra8 17. c3 Qb6 18. d4 exf4 19. Nxf4 Bc8 20. Kh1 Bg4 21. h3 Bd7 22. dxc5
Qxc5 23. b4 Qc4 24. Qxd6 Rad8 25. Qc5 Qxe4 26. Nd4 Qe5 27. Nxc6 Qxc5 28. bxc5
Nxc6 29. Bd5+ Kh8 30. Kh2 Bf5 31. Bxc6 Bxb1 32. Rxb1 Rd2+ 33. Bg2 Rc8 34. Ne6
Rc6 35. Rd1 Rxd1 36. Bxc6 Rd2+ 37. Bg2 Rxb2 38. c6 Rc2 39. c7 Rxc3 40. Bb7 Rc2+
41. Kg1 Rc1+ 42. Kf2 Rc2+ 43. Kf3 Rc3+ 44. Ke2 Bh6 45. c8=Q+ Rxc8 46. Bxc8 b4
47. Nc5 Kg7 48. Be6 f5 49. Nd3 Kf6 50. Bb3 Bf8 51. Kf3 Bd6 52. Bd5 h5 53. Nf4
Be5 54. Bb3 Bd4 55. Nd5+ Kg7 56. Nxb4 g5 57. Ke2 f4 58. gxf4 gxf4 59. Kf3 Be5
60. Nd3 Bb8 61. Nxf4 Bxf4 62. Kxf4 Kh6 63. Kf5 Kg7 64. Kg5 Kh7 65. Bc2+ Kg7 66.
Bg6 Kg8 1/2-1/2

[Event "Sparkassen-Open B"]
[Site "Heusenstamm, Martinsee"]
[Date "2019.11.22"]
[Round "3.24"]
[White "Schwab, Tizian"]
[Black "Dietl, Harald"]
[Result "1-0"]
[WhiteElo "1495"]
[BlackElo "1792"]
[PlyCount "189"]
[EventDate "2019.??.??"]
[WhiteTeam "TV-Großostheim"]
[BlackTeam "SK Abensberg"]

1. e4 c5 2. Nf3 d6 3. Bb5+ Bd7 4. Bxd7+ Qxd7 5. c4 Nc6 6. Nc3 g6 7. d4 cxd4 8.
Nxd4 Bg7 9. Be3 Nf6 10. h3 O-O 11. O-O Qc8 12. b3 Re8 13. Rc1 Qd8 14. Nxc6 bxc6
15. Qd2 Qa5 16. Rfd1 Rad8 17. Nd5 Qxd2 18. Nxf6+ exf6 19. Rxd2 Rxe4 20. Rcd1
Re6 21. Bxa7 Kf8 22. Bc5 Ke7 23. Bb4 f5 24. Kf1 Be5 25. Rd3 Rb8 26. Bc3 Bxc3
27. Rxc3 Kd7 28. Re1 Kc7 29. Rce3 Rbe8 30. b4 Re4 31. Rxe4 fxe4 32. f3 d5 33.
cxd5 cxd5 34. fxe4 dxe4 35. Ke2 Ra8 36. Rc1+ Kb6 37. Rc2 Ra3 38. Kf2 f5 39. g3
Kb5 40. Rc7 Rxa2+ 41. Ke3 Ra3+ 42. Kf2 Kxb4 43. Rxh7 Kc4 44. Rg7 Ra6 45. Ke3
Ra3+ 46. Kf2 Kd4 47. Rd7+ Ke5 48. h4 Rf3+ 49. Kg2 Rd3 50. Rg7 Rd2+ 51. Kf1 e3
52. Rxg6 Ke4 53. Rf6 Rf2+ 54. Kg1 Ra2 55. Kf1 Rh2 56. Kg1 Rf2 57. h5 Ra2 58. h6
Ra7 59. Kf1 Rh7 60. Ke2 Ke5 61. Ra6 Ke4 62. Ra4+ Ke5 63. Kxe3 Rxh6 64. Ra5+ Kf6
65. Kf4 Rh1 66. Rxf5+ Kg6 67. Ra5 Rf1+ 68. Kg4 Rb1 69. Ra6+ Kg7 70. Kg5 Rb5+
71. Kh4 Rb1 72. g4 Rb4 73. Kh5 Rb1 74. Rc6 Rh1+ 75. Kg5 Ra1 76. Rc7+ Kf8 77.
Kg6 Ra6+ 78. Kh5 Ra1 79. g5 Kg8 80. Rb7 Rc1 81. Kh6 Ra1 82. Rb8+ Kf7 83. g6+
Kf6 84. Rf8+ Ke6 85. g7 Rh1+ 86. Kg6 Rg1+ 87. Kh7 Rh1+ 88. Kg8 Ke7 89. Rf2 Rg1
90. Rf7+ Ke8 91. Rf6 Ke7 92. Rh6 Rg2 93. Rh1 Rg3 94. Kh7 Kf7 95. Rf1+ 1-0

[Event "Sparkassen-Open B"]
[Site "Heusenstamm, Martinsee"]
[Date "2019.11.22"]
[Round "3.25"]
[White "Jordake, Michael"]
[Black "Scheerer, Julian"]
[Result "1/2-1/2"]
[WhiteElo "1789"]
[BlackElo "1483"]
[PlyCount "88"]
[EventDate "2019.??.??"]
[WhiteTeam "SC Bergen-Enkheim"]
[BlackTeam "SV Ffm-Griesheim"]

1. Nc3 e5 2. Nf3 Nc6 3. d4 exd4 4. Nxd4 Bc5 5. Nxc6 bxc6 6. g3 d5 7. Bg2 Bf5 8.
O-O Ne7 9. e4 dxe4 10. Nxe4 Bb6 11. Bg5 f6 12. Bd2 Bxe4 13. Bxe4 Qd4 14. Qe2
O-O 15. Bc3 Qc5 16. Rad1 Rae8 17. Bd4 Qb4 18. c3 Qa5 19. b4 Qa3 20. Qc2 Kh8 21.
Rfe1 c5 22. bxc5 Bxc5 23. Re3 Rd8 24. Bxc5 Qxc5 25. Rxd8 Rxd8 26. Rd3 Rxd3 27.
Qxd3 Qd6 28. Qb1 Qb6 29. Bxh7 Qxb1+ 30. Bxb1 Nd5 31. c4 Nc3 32. Bf5 Nxa2 33.
Kf1 a5 34. Ke1 a4 35. Kd2 a3 36. Kc2 Nb4+ 37. Kb3 a2 38. Kb2 Kg8 39. c5 Kf7 40.
f4 g6 41. Bg4 f5 42. Be2 Kf6 43. h4 Ke6 44. Bc4+ Ke7 1/2-1/2

[Event "Sparkassen-Open B"]
[Site "Heusenstamm, Martinsee"]
[Date "2019.11.22"]
[Round "3.26"]
[White "Bauer, Ottmar"]
[Black "Jelinek, Stefan"]
[Result "1-0"]
[WhiteElo "1782"]
[BlackElo "1457"]
[PlyCount "42"]
[EventDate "2019.??.??"]
[WhiteTeam "TSV Rottendorf"]
[BlackTeam "SC Kahl"]

1. e4 e5 2. Nf3 Nc6 3. Bb5 f6 4. d4 Nxd4 5. Nxd4 exd4 6. Qxd4 c6 7. Bd3 d6 8.
O-O Qa5 9. Nc3 Be6 10. Bd2 O-O-O 11. Rfd1 Qc5 12. Qa4 Bd7 13. Be3 b5 14. Qa6+
Kc7 15. Bxc5 dxc5 16. Bxb5 cxb5 17. Nxb5+ Bxb5 18. Qa5+ Kc6 19. Rxd8 Bd6 20.
Rd1 Bc7 21. Rc8 a6 1-0

[Event "Sparkassen-Open B"]
[Site "Heusenstamm, Martinsee"]
[Date "2019.11.22"]
[Round "3.27"]
[White "Meyer, Marcel"]
[Black "Moldenhauer, Nils"]
[Result "1-0"]
[WhiteElo "1777"]
[BlackElo "1453"]
[PlyCount "75"]
[EventDate "2019.??.??"]
[WhiteTeam "SC Herborn"]
[BlackTeam "SV Oberursel"]

1. d4 d5 2. c4 e6 3. Nc3 Nf6 4. cxd5 exd5 5. Bg5 Be7 6. e3 O-O 7. Bd3 Nbd7 8.
Qc2 Re8 9. Nf3 Nf8 10. O-O c6 11. Rab1 a5 12. a3 Ne4 13. Bxe7 Qxe7 14. Ne5 Nxc3
15. Qxc3 f6 16. Nf3 Ng6 17. b4 axb4 18. axb4 Bd7 19. Ra1 Qd6 20. Qc5 Qc7 21. b5
Ne7 22. Rxa8 Rxa8 23. Qxe7 Re8 24. Qc5 Ra8 25. Rc1 Rc8 26. b6 Qd8 27. Ra1 Rb8
28. Qd6 Qe8 29. Ra7 Qc8 30. Nd2 Be8 31. Qc7 Bd7 32. Qxc8+ Bxc8 33. Nb3 g6 34.
Nc5 Kf7 35. Ba6 Ke8 36. Nxb7 Bxb7 37. Rxb7 Ra8 38. Ra7 1-0

[Event "Sparkassen-Open B"]
[Site "Heusenstamm, Martinsee"]
[Date "2019.11.22"]
[Round "3.28"]
[White "Martin, Peter"]
[Black "Eremenko, Christian"]
[Result "0-1"]
[WhiteElo "1395"]
[BlackElo "1768"]
[PlyCount "150"]
[EventDate "2019.??.??"]
[WhiteTeam "SC Wittlich"]
[BlackTeam "SV Großauheim"]

1. e4 b6 2. d4 Bb7 3. Bd3 Nf6 4. Nc3 e6 5. Bg5 h6 6. Bh4 g5 7. Bg3 Bb4 8. f3
Nc6 9. Nge2 Nh5 10. Bf2 Nf4 11. Nxf4 gxf4 12. Qd2 Qg5 13. h4 Qxg2 14. O-O-O
Bxc3 15. bxc3 Qxf3 16. Rdf1 e5 17. Be1 Qh5 18. Be2 Qg6 19. Rhg1 Qxe4 20. Bf3
Qf5 21. Bg4 Qh7 22. dxe5 Nxe5 23. Qxf4 Qe4 24. Qf6 Rf8 25. Bh5 d6 26. Rg8 Kd7
27. Rxf8 Rxf8 28. Qxh6 Re8 29. Bxf7 Nxf7 30. Rxf7+ Kc8 31. Bd2 Bd5 32. Rf8 Bxa2
33. Rxe8+ Qxe8 34. h5 Bf7 35. Qf6 Bxh5 36. Qf5+ Kb7 37. Qd5+ Kb8 38. Kb2 Bf7
39. Qd4 Qb5+ 40. Qb4 Qd5 41. Be3 Qa2+ 42. Kc1 Bg6 43. Qb3 Bf7 44. Qb4 Qc4 45.
Kb2 Kb7 46. Qb3 a5 47. Bc1 Ka6 48. Qxc4+ Bxc4 49. Ka3 b5 50. Bf4 Kb6 51. Bg3
Kc5 52. Bf2+ Kd5 53. Ba7 c5 54. Bb6 a4 55. Ba5 Be2 56. Kb2 Kc4 57. Ka3 Bd1 58.
Kb2 d5 59. Kc1 Bg4 60. Kb2 Bf5 61. Kc1 b4 62. cxb4 cxb4 63. Kb2 a3+ 64. Kc1 Kc3
65. Bd8 a2 66. Bf6+ d4 67. Bxd4+ Kxd4 68. Kb2 a1=Q+ 69. Kxa1 Bxc2 70. Ka2 Kc3
71. Ka1 Bd1 72. Ka2 b3+ 73. Kb1 Bc2+ 74. Ka1 b2+ 75. Ka2 b1=Q+ 0-1

[Event "Sparkassen-Open B"]
[Site "Heusenstamm, Martinsee"]
[Date "2019.11.22"]
[Round "3.29"]
[White "Meng, Yuxuan"]
[Black "Lorenz, Alexander"]
[Result "0-1"]
[WhiteElo "1378"]
[BlackElo "1759"]
[PlyCount "106"]
[EventDate "2019.??.??"]
[WhiteTeam "SV Walldorf"]
[BlackTeam "SV Bergwinkel"]

1. e4 c5 2. Nf3 d6 3. d4 cxd4 4. Nxd4 Nf6 5. Nc3 g6 6. Be3 Bg7 7. f3 O-O 8. Qd2
Nc6 9. O-O-O Bd7 10. Bh6 Nxd4 11. Bxg7 Nb3+ 12. cxb3 Kxg7 13. h4 h5 14. Be2 Rc8
15. Kb1 a6 16. Rdg1 Be6 17. g4 Rh8 18. gxh5 Nxh5 19. f4 f5 20. Bd3 Qd7 21. exf5
Bxf5 22. Nd5 Rc5 23. Nc3 Nxf4 24. Qxf4 Bxd3+ 25. Ka1 Qf5 26. Qd4+ Kh7 27. h5 g5
28. h6 Rg8 29. Re1 Re5 30. Rxe5 dxe5 31. Qb6 Rf8 32. a3 Qf3 33. Rg1 g4 34. Qe6
g3 35. Qxe7+ Rf7 36. Qg5 Qf4 37. Qxg3 Qxg3 38. Rxg3 e4 39. Re3 Re7 40. Na4 Re5
41. b4 Bb5 42. Nc5 Bc6 43. Kb1 Kxh6 44. Kc2 Kg5 45. Kc3 Kf4 46. Re1 Kf3 47. b3
e3 48. Nd3 Re8 49. a4 Be4 50. Nc1 Kf2 51. Re2+ Kf3 52. Re1 Bg6 53. Re2 Rc8+ 0-1

[Event "Sparkassen-Open B"]
[Site "Heusenstamm, Martinsee"]
[Date "2019.11.22"]
[Round "3.30"]
[White "Kuran, Rainer"]
[Black "Spelleken, Hans-Gerd"]
[Result "0-1"]
[WhiteElo "1464"]
[BlackElo "1753"]
[PlyCount "68"]
[EventDate "2019.??.??"]
[WhiteTeam "Karlsruher SF"]
[BlackTeam "SC Kahl"]

1. e4 d5 2. exd5 Qxd5 3. Nc3 Qd8 4. Nf3 Bg4 5. Be2 e6 6. d4 c6 7. O-O Bd6 8.
Ne4 Bc7 9. c3 Nd7 10. Qb3 b6 11. Qb4 Ndf6 12. Qc4 Ne7 13. Ne5 Bxe2 14. Qxe2 Qd5
15. Ng3 h5 16. h4 Bxe5 17. dxe5 Ng4 18. Nxh5 Rxh5 19. Qxg4 Qxe5 20. Bg5 g6 21.
Rfe1 Qf5 22. Qxf5 gxf5 23. Bxe7 Kxe7 24. g3 Rg8 25. Re3 Rxh4 26. f4 Rxf4 27.
Kg2 Rfg4 28. Kf2 f6 29. Rae1 e5 30. Rh1 Ke6 31. Rd3 e4 32. Re3 R4g7 33. Rh4 Rd7
34. Ke2 Rgd8 0-1

[Event "Sparkassen-Open B"]
[Site "Heusenstamm, Martinsee"]
[Date "2019.11.22"]
[Round "3.31"]
[White "Hahnenstein, Leon"]
[Black "Taskor, Erkan"]
[Result "0-1"]
[WhiteElo "1449"]
[BlackElo "1730"]
[PlyCount "64"]
[EventDate "2019.??.??"]
[WhiteTeam "SC Herborn"]
[BlackTeam "Niederräder TG"]

1. e4 e6 2. Nf3 d5 3. exd5 exd5 4. d4 Bd6 5. Bd3 Ne7 6. Nc3 Nbc6 7. O-O Bg4 8.
Be3 Qd7 9. Qe2 Nb4 10. Rad1 Nxd3 11. Rxd3 c6 12. Re1 O-O 13. Bg5 f6 14. Bd2 Bf5
15. Re3 Ng6 16. g3 Bxc2 17. Rc1 Bf5 18. Na4 b6 19. Rec3 Rac8 20. Qa6 Rfe8 21.
a3 Bg4 22. Ne1 Be2 23. Nd3 Qh3 24. Nf4 Nxf4 25. gxf4 Bxa6 26. Rxh3 Re4 27. Be3
Bxf4 28. Rh4 Bxe3 29. Rxe4 Bxc1 30. Re7 Ra8 31. Rc7 Bb5 32. Nc3 Bxb2 0-1

[Event "Sparkassen-Open B"]
[Site "Heusenstamm, Martinsee"]
[Date "2019.11.22"]
[Round "3.32"]
[White "Köpke, Carolina"]
[Black "Heller, Holger"]
[Result "1/2-1/2"]
[WhiteElo "1453"]
[BlackElo "1722"]
[PlyCount "92"]
[EventDate "2019.??.??"]
[WhiteTeam "SV Oberursel"]
[BlackTeam "TuS Dotzheim"]

1. d4 d5 2. Bf4 e6 3. e3 Bd6 4. Bg3 Nf6 5. Nd2 c5 6. c3 O-O 7. Bd3 Nc6 8. Ngf3
cxd4 9. exd4 Re8 10. Bxd6 Qxd6 11. O-O e5 12. dxe5 Nxe5 13. Bb5 Bd7 14. Bxd7
Nfxd7 15. Nd4 Nc5 16. N2f3 Nxf3+ 17. Qxf3 Ne4 18. Rfe1 Qf6 19. Rad1 Qxf3 20.
Nxf3 Nf6 21. Re5 Rxe5 22. Nxe5 Rd8 23. Nc4 Rd7 24. Ne3 Kf8 25. g4 g5 26. Kg2
Ke8 27. Kg3 Kd8 28. f4 h6 29. Nf5 Ng8 30. Re1 Kc7 31. Re8 Nf6 32. Rh8 Ne4+ 33.
Kf3 Nd2+ 34. Ke2 Nc4 35. b3 Nd6 36. Rxh6 Nxf5 37. gxf5 gxf4 38. Rf6 Kd8 39. Kf3
Ke7 40. Rh6 d4 41. cxd4 Rxd4 42. Rh3 b5 43. Ke2 Kf6 44. Rh5 Rd5 45. h4 a5 46.
Rh6+ Kg7 1/2-1/2

[Event "Sparkassen-Open B"]
[Site "Heusenstamm, Martinsee"]
[Date "2019.11.22"]
[Round "3.33"]
[White "Sarbu, Marc Constantin"]
[Black "Becker, Ralph"]
[Result "0-1"]
[WhiteElo "1421"]
[BlackElo "1706"]
[PlyCount "84"]
[EventDate "2019.??.??"]
[WhiteTeam "SC Saarlouis"]
[BlackTeam "SC Paimar"]

1. e4 g6 2. d4 Bg7 3. Nf3 d6 4. Bf4 Nd7 5. Nc3 c5 6. dxc5 Nxc5 7. Bb5+ Bd7 8.
Bxd7+ Qxd7 9. Qd2 Nf6 10. e5 dxe5 11. Nxe5 Qxd2+ 12. Bxd2 O-O 13. Be3 Rac8 14.
Bxc5 Rxc5 15. f4 Rfc8 16. O-O b5 17. b4 Rxc3 18. a4 bxa4 19. Rxa4 Rxc2 20. Rxa7
R2c7 21. Rxc7 Rxc7 22. b5 Nd5 23. Nc4 Rxc4 24. Rb1 Rxf4 25. b6 Bd4+ 26. Kh1
Bxb6 27. g3 Rb4 28. Rd1 Ne3 29. Re1 Rd4 30. Kg1 Rd1 31. Rxd1 Nxd1+ 32. Kf1 f5
33. Ke2 Nf2 34. Kf3 g5 35. Ke2 e5 36. Kf3 e4+ 37. Ke2 f4 38. gxf4 gxf4 39. Ke1
f3 40. h4 e3 41. h5 Nd3+ 42. Kf1 e2# 0-1

[Event "Sparkassen-Open B"]
[Site "Heusenstamm, Martinsee"]
[Date "2019.11.22"]
[Round "3.34"]
[White "Althaus, Lennart"]
[Black "Brunner, Andreas"]
[Result "1-0"]
[WhiteElo "1690"]
[BlackElo "1449"]
[PlyCount "145"]
[EventDate "2019.??.??"]
[WhiteTeam "TV-Großostheim"]
[BlackTeam "Berkershm"]

1. c4 Nf6 2. Nc3 g6 3. g3 Bg7 4. Bg2 d6 5. d4 O-O 6. e3 Nc6 7. Nge2 Bg4 8. O-O
Re8 9. h3 Bxe2 10. Nxe2 e5 11. b3 Rb8 12. Bb2 Qd7 13. dxe5 Nxe5 14. Nf4 c6 15.
Qc2 Rbd8 16. Rad1 Qc8 17. Rd2 Re7 18. Rfd1 Ne8 19. Nd3 f6 20. Nxe5 fxe5 21. Kh2
Qf5 22. Qxf5 gxf5 23. Ba3 Red7 24. h4 Kf7 25. Bh3 Kf6 26. e4 Bf8 27. Bxf5 Rc7
28. Bb2 h6 29. f4 Re7 30. fxe5+ Rxe5 31. Bxe5+ Kxe5 32. Re2 Ng7 33. Rf1 Ne8 34.
Ref2 Nf6 35. Bh3 Bg7 36. Rf5+ Kxe4 37. Re1+ Kd4 38. Re7 Bh8 39. Rxb7 Re8 40.
Rf2 Ke3 41. Kg2 Ne4 42. Rf3+ Kd4 43. Bd7 Rg8 44. Bxc6 Nd2 45. Rf4+ Kc3 46. Kh3
Be5 47. Rg4 Rf8 48. Bd5 Rf1 49. Rh7 Rb1 50. Rxh6 Rb2 51. Rhg6 Nf1 52. Re4 Rh2+
53. Kg4 Kd3 54. Re1 Rf2 55. c5 Ne3+ 56. Kh3 dxc5 57. Re6 Bd4 58. Be4+ Kd2 59.
Rh1 Nf1 60. h5 Kc3 61. h6 Kb2 62. Bd3 Nd2 63. Rh2 Rxh2+ 64. Kxh2 Kxa2 65. Re2
Kxb3 66. Rxd2 Kc3 67. Rd1 a5 68. h7 a4 69. Bf5 Bf6 70. Be6 Kc2 71. Rf1 Bg7 72.
Rf7 Be5 73. Ra7 1-0

[Event "Sparkassen-Open B"]
[Site "Heusenstamm, Martinsee"]
[Date "2019.11.22"]
[Round "3.35"]
[White "Laufer, Maximilian"]
[Black "Burow, Roger"]
[Result "1-0"]
[WhiteElo "1374"]
[BlackElo "1670"]
[PlyCount "53"]
[EventDate "2019.??.??"]
[WhiteTeam "MS Halver-Schalksmühle"]
[BlackTeam "SV Kelsterbach"]

1. e4 b6 2. Nc3 e6 3. Bc4 Bb7 4. d3 Bb4 5. Bd2 Nc6 6. Nf3 Nf6 7. a3 Be7 8. O-O
d5 9. exd5 Nxd5 10. Nxd5 exd5 11. Bb5 a6 12. Ba4 b5 13. Bb3 O-O 14. Bf4 d4 15.
Nd2 Bd6 16. Qg4 Qf6 17. Bxd6 Qxd6 18. Ne4 Qe7 19. f4 Kh8 20. Qh5 f5 21. Ng5 g6
22. Qh4 Rf6 23. Rae1 Qd7 24. Ne6 Rxe6 25. Rxe6 Qg7 26. Bd5 Qd7 27. Qf6+ 1-0

[Event "Sparkassen-Open B"]
[Site "Heusenstamm, Martinsee"]
[Date "2019.11.22"]
[Round "3.36"]
[White "Röth, Alexander"]
[Black "Richter, Tim"]
[Result "1-0"]
[WhiteElo "1634"]
[BlackElo "1446"]
[PlyCount "63"]
[EventDate "2019.??.??"]
[WhiteTeam "Schachforum Darmstadt"]
[BlackTeam "SF Heidesheim"]

1. d4 Nf6 2. Bf4 d5 3. e3 Bf5 4. c4 c6 5. Nc3 e6 6. Qb3 Qb6 7. c5 Qxb3 8. axb3
Nbd7 9. Nf3 Be7 10. b4 h6 11. h3 O-O 12. b5 Ne4 13. bxc6 bxc6 14. Ba6 Nxc3 15.
bxc3 Bh7 16. Bb7 Rad8 17. Bxc6 Nb8 18. Bb5 g5 19. Bh2 f5 20. Rxa7 Rf7 21. Ne5
Rg7 22. Kd2 Rf8 23. Nd7 Nxd7 24. Bxd7 f4 25. Bxe6+ Kh8 26. Rha1 fxe3+ 27. Kxe3
g4 28. Be5 Bf6 29. Rxg7 Kxg7 30. Ra7+ Kg6 31. Bxf6 Rxf6 32. Bxg4 1-0

[Event "Sparkassen-Open B"]
[Site "Heusenstamm, Martinsee"]
[Date "2019.11.22"]
[Round "3.37"]
[White "Friedel, Thomas"]
[Black "Winter, Thomas"]
[Result "1-0"]
[WhiteElo "1631"]
[BlackElo "1434"]
[PlyCount "93"]
[EventDate "2019.??.??"]
[WhiteTeam "SV Groß-Gerau"]
[BlackTeam "SV Oberursel"]

1. e4 e5 2. Nf3 Nf6 3. Nc3 Bb4 4. d3 Nc6 5. Bd2 O-O 6. Be2 d6 7. O-O Re8 8. a3
Bc5 9. Na4 Bb6 10. Nxb6 axb6 11. Re1 Bg4 12. h3 Bxf3 13. Bxf3 Nd4 14. c3 Nxf3+
15. Qxf3 Re6 16. Bg5 Qe8 17. Re3 Nd7 18. Rae1 Rg6 19. Bh4 Qe6 20. Qd1 Rf8 21.
Bg3 f5 22. exf5 Rxf5 23. d4 Qe8 24. Qb3+ Kh8 25. Qd5 c6 26. Qb3 Re6 27. Qc2 Qg6
28. f4 Qh5 29. Qe2 b5 30. Qxh5 Rxh5 31. fxe5 d5 32. Rf1 Kg8 33. Ref3 Re7 34.
Be1 Rh6 35. Bd2 Rg6 36. h4 h6 37. Kh2 Rge6 38. Ra1 Nb6 39. Raf1 Nd7 40. b3 Re8
41. Rf7 R6e7 42. Rxe7 Rxe7 43. Ra1 Nb6 44. g4 Rf7 45. Kg2 Kh7 46. Rf1 Kg6 47.
h5+ 1-0

[Event "Sparkassen-Open B"]
[Site "Heusenstamm, Martinsee"]
[Date "2019.11.22"]
[Round "3.38"]
[White "Leichum, Engelbert"]
[Black "Laznik, Zeljko"]
[Result "1-0"]
[WhiteElo "1587"]
[BlackElo "1432"]
[PlyCount "47"]
[EventDate "2019.??.??"]
[WhiteTeam "vereinslos"]
[BlackTeam "SF Heusenstamm"]

1. e4 e5 2. d4 exd4 3. c3 dxc3 4. Bc4 Qf6 5. Nxc3 Bc5 6. Nf3 Bb4 7. Qb3 Bxc3+
8. bxc3 Qe7 9. O-O h6 10. e5 b6 11. Ba3 c5 12. Nd4 g6 13. Bd5 Qf8 14. Bxa8 Ne7
15. Nb5 Nf5 16. Nc7+ Kd8 17. Nd5 Ng7 18. Nxb6 Ne6 19. Nxc8 Kxc8 20. Qb7+ Kd8
21. Qxb8+ Ke7 22. Qxf8+ Rxf8 23. Bf3 Rc8 24. Rfd1 1-0

[Event "Sparkassen-Open B"]
[Site "Heusenstamm, Martinsee"]
[Date "2019.11.22"]
[Round "3.39"]
[White "Ziegler, Christopher"]
[Black "Ramien, Hannah"]
[Result "1/2-1/2"]
[WhiteElo "1408"]
[BlackElo "1429"]
[PlyCount "60"]
[EventDate "2019.??.??"]
[WhiteTeam "SV Kelsterbach"]
[BlackTeam "SG Porz"]

1. e4 e5 2. Nf3 Nc6 3. d4 exd4 4. Nxd4 Bb4+ 5. c3 Bc5 6. Bc4 Nf6 7. Nxc6 bxc6
8. Nd2 d5 9. Bd3 dxe4 10. Nxe4 Nxe4 11. Bxe4 Qxd1+ 12. Kxd1 Bd7 13. f3 O-O 14.
Bf4 Bb6 15. Kc2 Rfe8 16. a4 Rac8 17. Rad1 f5 18. Bd3 Be3 19. Bxe3 Rxe3 20. Rhe1
Rxe1 21. Rxe1 Kf8 22. Re5 g6 23. Ra5 Ra8 24. b4 Ke8 25. f4 Ke7 26. Ba6 Rb8 27.
Bc4 Ra8 28. Kd3 Kd6 29. Kd4 Be6 30. Bxe6 Kxe6 1/2-1/2

[Event "Sparkassen-Open B"]
[Site "Heusenstamm, Martinsee"]
[Date "2019.11.22"]
[Round "3.40"]
[White "Welther, Patrick"]
[Black "Federenko, Ingo"]
[Result "1-0"]
[WhiteElo "1586"]
[BlackElo "1359"]
[PlyCount "32"]
[EventDate "2019.??.??"]
[WhiteTeam "SC Gelnhausen"]
[BlackTeam "SC FK Babenhausen"]

1. Nf3 d5 2. c4 e6 3. cxd5 exd5 4. e3 Ne7 5. Nc3 g6 6. Be2 Bg7 7. O-O O-O 8. d4
Be6 9. b3 c6 10. Ba3 Re8 11. Qc2 Nd7 12. Na4 b6 13. Bxe7 Rxe7 14. Qxc6 Rc8 15.
Qd6 b5 16. Bxb5 Qa5 1-0

[Event "Sparkassen-Open B"]
[Site "Heusenstamm, Martinsee"]
[Date "2019.11.22"]
[Round "3.41"]
[White "Wu, Sifan"]
[Black "Alt, Johannes"]
[Result "1/2-1/2"]
[WhiteElo "1574"]
[BlackElo "1200"]
[PlyCount "44"]
[EventDate "2019.??.??"]
[WhiteTeam "SV Oberursel"]
[BlackTeam "SF Heidesheim"]

1. e4 Nc6 2. d4 d6 3. Nf3 Nf6 4. Nc3 g6 5. h3 Bg7 6. Be3 O-O 7. Qd2 e5 8. Bc4
a6 9. O-O Nxe4 10. Nxe4 d5 11. Nxe5 Nxe5 12. dxe5 dxc4 13. f4 Bf5 14. Qxd8
Rfxd8 15. Nf2 c3 16. b3 b5 17. Rac1 h5 18. Nd1 b4 19. Bc5 Bf8 20. Bxf8 Kxf8 21.
Ne3 Be4 22. Rfd1 Kg7 1/2-1/2

[Event "Sparkassen-Open B"]
[Site "Heusenstamm, Martinsee"]
[Date "2019.11.22"]
[Round "3.42"]
[White "Trenz, Finn"]
[Black "Emrich, Franz"]
[Result "1/2-1/2"]
[WhiteElo "1358"]
[BlackElo "1572"]
[PlyCount "90"]
[EventDate "2019.??.??"]
[WhiteTeam "SK Gau-Algesheim"]
[BlackTeam "SC Lambsheim"]

1. e4 e6 2. d4 d5 3. exd5 exd5 4. Nc3 Nf6 5. Nf3 Be7 6. Bd3 O-O 7. O-O Re8 8.
Bg5 h6 9. Bh4 Nbd7 10. Re1 Nf8 11. Bxf6 Bxf6 12. Rxe8 Qxe8 13. Nxd5 Qc6 14.
Nxf6+ Qxf6 15. Qe2 Bg4 16. Qe4 Bxf3 17. Qxf3 c6 18. Qxf6 gxf6 19. Re1 Ne6 20.
c3 Kf8 21. g3 Re8 22. f4 Rd8 23. Bc4 Rd6 24. Bxe6 fxe6 25. Kf2 Kf7 26. Kf3 h5
27. Re4 f5 28. Re5 b6 29. Ke2 a6 30. h3 Rd5 31. Rxd5 cxd5 32. Kf3 b5 33. g4
hxg4+ 34. hxg4 fxg4+ 35. Kxg4 Kf6 36. b3 a5 37. a4 bxa4 38. bxa4 Kg6 39. Kg3
Kh5 40. Kh3 Kg6 41. Kg4 Kf6 42. Kg3 Kf5 43. Kf3 Kg6 44. Kg4 Kf6 45. Kg3 Kf5
1/2-1/2

[Event "Sparkassen-Open B"]
[Site "Heusenstamm, Martinsee"]
[Date "2019.11.22"]
[Round "3.43"]
[White "Fuchs, Henrik"]
[Black "Ghaznavi, Massoud"]
[Result "1-0"]
[WhiteElo "1348"]
[BlackElo "1562"]
[PlyCount "73"]
[EventDate "2019.??.??"]
[WhiteTeam "SC Bad Soden"]
[BlackTeam "SV Oberursel"]

1. d4 d5 2. c4 Nf6 3. Nf3 Bg4 4. e3 e6 5. h3 Bh5 6. Nbd2 c5 7. Be2 Nbd7 8. b3
Be7 9. Ba3 Qa5 10. Bxc5 Bxc5 11. dxc5 Qxc5 12. O-O O-O 13. cxd5 Nxd5 14. Ne4
Qe7 15. Qd4 b6 16. g4 Bg6 17. Ne5 Bxe4 18. Qxe4 f5 19. Qd4 Nxe5 20. Qxe5 Rad8
21. Rfd1 f4 22. Bc4 Qf6 23. Qxf6 Rxf6 24. e4 Kf8 25. exd5 b5 26. Bxb5 exd5 27.
Rd4 g5 28. Rad1 Rfd6 29. Bc4 Rh6 30. Kg2 f3+ 31. Kg3 Rg6 32. Rxd5 Re8 33. Rf5+
Kg7 34. Rd7+ Kh6 35. Bf7 Re2 36. Bxg6 hxg6 37. Rff7 1-0

[Event "Sparkassen-Open B"]
[Site "Heusenstamm, Martinsee"]
[Date "2019.11.22"]
[Round "3.44"]
[White "Bakó, Evelin"]
[Black "von Beckh, Frieda"]
[Result "0-1"]
[WhiteElo "1240"]
[BlackElo "1415"]
[PlyCount "112"]
[EventDate "2019.??.??"]
[WhiteTeam "TSV Langenau"]
[BlackTeam "SK Bad Homburg"]

1. e4 c5 2. Nf3 Nc6 3. d4 cxd4 4. Nxd4 g6 5. c4 Bg7 6. Be3 Nf6 7. Nc3 O-O 8.
Be2 d6 9. f3 Bd7 10. Qd2 a6 11. O-O-O Nxd4 12. Bxd4 Rc8 13. g4 e5 14. Be3 Rc6
15. h4 Be6 16. b3 Qa5 17. Kb2 Rfc8 18. Nd5 Qxd2+ 19. Rxd2 Bxd5 20. exd5 R6c7
21. h5 e4 22. Kb1 Re8 23. Bb6 e3 24. Rd3 Rce7 25. h6 Bh8 26. Rh3 Nd7 27. Ba5
Nc5 28. Rd1 Bf6 29. b4 Na4 30. Kc2 b6 31. g5 Bh8 32. Bxb6 Nxb6 33. Kb3 Re5 34.
f4 Re4 35. Rh4 Rc8 36. Rc1 Nxd5 37. Bf3 Rxf4 38. Rxf4 Nxf4 39. Rf1 e2 40. Re1
Re8 41. Kc2 Re3 42. Bg4 Bc3 43. Rxe2 Nxe2 44. Bxe2 Rxe2+ 45. Kxc3 Rxa2 46. Kb3
Rg2 47. Ka4 Rxg5 48. b5 axb5+ 49. cxb5 Rg1 50. b6 Rb1 51. Ka5 Kf8 52. Ka6 Ke8
53. b7 Kd7 54. Ka7 Kc7 55. Ka6 Rxb7 56. Ka5 d5 0-1

[Event "Sparkassen-Open B"]
[Site "Heusenstamm, Martinsee"]
[Date "2019.11.22"]
[Round "3.45"]
[White "Englert, Lin"]
[Black "Solovej, Philip"]
[Result "1/2-1/2"]
[WhiteElo "1498"]
[BlackElo "1245"]
[PlyCount "89"]
[EventDate "2019.??.??"]
[WhiteTeam "TV-Großostheim"]
[BlackTeam "SK Gründau"]

1. d4 d5 2. c4 c6 3. Nc3 Nf6 4. cxd5 cxd5 5. Bf4 Nc6 6. e3 e6 7. Nf3 Bb4 8. Bd3
Bd7 9. O-O O-O 10. a3 Ba5 11. Qc2 g6 12. Bg5 Kg7 13. Ne5 Qe8 14. Na4 Nxe5 15.
dxe5 Bxa4 16. Bxf6+ Kg8 17. Qe2 Bd8 18. Bxd8 Qxd8 19. Rac1 Qe7 20. Rc3 Rac8 21.
Rfc1 Rxc3 22. Rxc3 Rd8 23. Qg4 Bc6 24. Qd4 a6 25. Bxa6 Qd7 26. Bd3 Bb5 27. h3
Bxd3 28. Qxd3 Rc8 29. Rxc8+ Qxc8 30. Qc3 Qd7 31. b4 Kg7 32. Qb3 b5 33. Qc3 h6
34. Kf1 Qb7 35. f3 Qa7 36. Ke2 Qa4 37. e4 dxe4 38. fxe4 Qa8 39. Qf3 Kg8 40. Qd3
Qb8 41. Qd6 Qa8 42. Qd3 Qb8 43. Qc3 Qa8 44. Kf3 Qd8 45. Ke2 1/2-1/2

[Event "Sparkassen-Open B"]
[Site "Heusenstamm, Martinsee"]
[Date "2019.11.22"]
[Round "3.46"]
[White "Krasowitzki, Jan"]
[Black "Dehmel, Manfred"]
[Result "1-0"]
[WhiteElo "1173"]
[BlackElo "1545"]
[PlyCount "65"]
[EventDate "2019.??.??"]
[WhiteTeam "VSG Offenbach"]
[BlackTeam "SC Königsspringer Alzenau"]

1. d4 d5 2. c4 Nf6 3. Nc3 dxc4 4. e4 e5 5. d5 Bb4 6. Bd2 Nbd7 7. Bxc4 Nc5 8.
Qe2 a6 9. a3 Bxc3 10. Bxc3 b5 11. Bd3 Nxd3+ 12. Qxd3 Qd6 13. Nf3 Ng4 14. h3 Qh6
15. Nxe5 Nxe5 16. Bxe5 O-O 17. Bxc7 Bb7 18. O-O Rac8 19. d6 Qe6 20. d7 Bxe4 21.
Qd4 Qc6 22. dxc8=Q Rxc8 23. Rac1 Qd5 24. Qxd5 Bxd5 25. Bd6 Rd8 26. Rfd1 Bb3 27.
Rd3 Bc4 28. Rd4 Be6 29. Rcd1 g6 30. Be5 Rxd4 31. Rxd4 h5 32. Rd8+ Kh7 33. Rh8#
1-0